00588nam a2200205 a 4500001001300000003000900013005001700022008004100039020002300080082001500103100001600118245008600134260004300220300000900263500003500272505002200307650001300329650002400342700001600366nice12345678IN_TiNIC20260116014025.0080109s2008 lona grp 000 0 eng  a041536910X c42500a303.6bJAC aJacoby, Tim aUnderstanding Conflict and ViolencebTheoretical and Interdisciplinary Approaches aLondon bRoutledge Chapman Hall c2008 a242p aincludes index and biblioraphy2 aReferences, Index aViolence aConflict Resolution1 aJacoby, Tim